| 000 | 00660nam a22002297a 4500 | ||
|---|---|---|---|
| 003 | UA-OsUOA | ||
| 001 | 48329 | ||
| 007 | ta | ||
| 008 | 20070904b un ||||| |||| 00| 0 ukr d | ||
| 100 | _aХінкулов Л. | ||
| 090 |
_a82.09(038) _bХ54 |
||
| 942 | _cBK | ||
| 040 |
_aUA-OsUOA _bukr _cUA-OsUOA _dUA-OsUOA |
||
| 245 |
_aСловник української літератури _cЗа ред. Білецького О. І. |
||
| 300 | _a586 с. | ||
| 955 | _a2 | ||
| 041 | _aukr | ||
| 080 | _a82.09(038) | ||
| 260 |
_aК. _bАНУРСР _c1948 |
||
| 650 | 7 |
_a00 Загальні питання науки і культури _2UDC |
|
| 999 |
_c334431 _d334431 |
||